000 00354nam a22001457a 4500
999 _c8037
_d8037
003 OSt
005 20200626123428.0
008 200626b ||||| |||| 00| 0 eng d
020 _a9782917031360
082 _a747
_bKRA
100 _aKrauel Jacobo
245 _aGreat Spaces: Home Interiors
260 _aSpain
_bLinks International
_c2006
942 _2ddc